000 00791nam a22002417a 4500
001 002145875789
003 DO-SdBNP
005 20180221094052.0
007 002145875789
008 161214b 2006 enk a ||||| |||| 00| 0 spa d
020 _a235024055X
040 _aBPMSU
_bspa
_cBPMSU
100 1 _aSchmid, Franck
_d
245 1 0 _aEmilia y el aprendiz de mago /
_cFranck Schmid ; illustrations, Corinne Binois ; Traduit du Français par Angeles Testera.
260 _aÉtampes, Francia :
_bLire c'est partir,
_c2006
300 _a123 p. :
_bil. ;
_c18 cm.
500 _aPara niños de 8 años
700 1 2 _aBinois, Corinne,
_eil.
700 1 2 _aTestera, Angeles,
_etr.
942 _2ddc
_cBK
945 _aInventariado, 2018/MFF
956 _2LOPEREZ
_310
_620161214
_8BPMSU
_a00041
999 _c12435
_d12435